| 000 | 00556nam a2200169Ia 4500 | ||
|---|---|---|---|
| 008 | 090201s9999 xx 000 0 und d | ||
| 010 | _aKPL-32182 | ||
| 040 | _bमराठी | ||
| 041 | _aमराठी | ||
| 082 |
_a35554 _b32182 |
||
| 100 | _aसौ.शकुंतला / मोटे खरे | ||
| 245 |
_aजीवन मरण _cसौ.शकुंतला / मोटे खरे |
||
| 260 |
_c2004 _bग्रंथाली प्रकाशन |
||
| 300 |
_a139 _bमोठा |
||
| 600 | _aजीवन मरण | ||
| 942 | _cBOOK | ||
| 999 |
_c233627 _d233627 |
||